000
00268nam a2200109Ia 4500
008
220204s9999 xx 000 0 und d
082
_a
31:65
_b
INN
100
_a
Innes, A E
245
0
_a
Business statistics of example
260
_a
London
_b
Macmillan
_c
1974
942
_c
BK
999
_c
23955
_d
23955